Droit international public / (Record no. 48414)
[ view plain ]
| 000 -LEADER | |
|---|---|
| fixed length control field | 01384nam a2200373 i 4500 |
| 003 - CONTROL NUMBER IDENTIFIER | |
| control field | EG-GICUC |
| 005 - DATE AND TIME OF LATEST TRANSACTION | |
| control field | 20260121101430.0 |
| 008 - FIXED-LENGTH DATA ELEMENTS--GENERAL INFORMATION | |
| fixed length control field | 251204s1987 fr ||||fr|||||||1 | fre d |
| 040 ## - CATALOGING SOURCE | |
| Original cataloging agency | EG-GiCUC |
| Language of cataloging | fre |
| Transcribing agency | EG-GiCUC |
| Modifying agency | EG-GiCUC |
| Description conventions | Rda |
| 041 ## - LANGUAGE CODE | |
| Language code of text/sound track or separate title | fre |
| 082 04 - DEWEY DECIMAL CLASSIFICATION NUMBER | |
| Edition number | 21 |
| Classification number | 341.1 |
| Item number | RO . D |
| 092 04 - LOCALLY ASSIGNED DEWEY CALL NUMBER (OCLC) | |
| Edition number | 21 |
| 099 ## - LOCAL FREE-TEXT CALL NUMBER (OCLC) | |
| Classification number | Law1 11 341.1 RO . D 11 ed - 1987 |
| 100 1# - MAIN ENTRY--PERSONAL NAME | |
| Personal name | Rousseau, Charles, |
| Dates associated with a name | 1902-1993, |
| Relator term | Auteur |
| 245 10 - TITLE STATEMENT | |
| Title | Droit international public / |
| Statement of responsibility, etc. | Charles Rousseau, Pierre-Marie Dupuy. |
| 250 ## - EDITION STATEMENT | |
| Edition statement | Onzième édition |
| Remainder of edition statement | avec chapitres supplémentaires |
| 264 #1 - PRODUCTION, PUBLICATION, DISTRIBUTION, MANUFACTURE, AND COPYRIGHT NOTICE | |
| Place of production, publication, distribution, manufacture | Paris : |
| Name of producer, publisher, distributor, manufacturer | Dalloz, |
| Date of production, publication, distribution, manufacture, or copyright notice | 1987. |
| 300 ## - PHYSICAL DESCRIPTION | |
| Extent | xxii, 495 pages ; |
| Dimensions | 18 cm. |
| 336 ## - CONTENT TYPE | |
| Source | rda contenu |
| Content type term | texte |
| 337 ## - MEDIA TYPE | |
| Source | rda medias |
| Media type term | Ordinateur |
| 338 ## - CARRIER TYPE | |
| Source | transporteur rda |
| Carrier type term | Ressource en ligne |
| 490 0# - SERIES STATEMENT | |
| Materials specified | Précis Dalloz. Droit. |
| 500 ## - GENERAL NOTE | |
| General note | avec chapitres supplémentaires<br/>La protection internationale des droits de l'homme<br/>Le droit des organisations internationale<br/>par Pierre-Marie Dupuy<br/> |
| 504 ## - BIBLIOGRAPHY, ETC. NOTE | |
| Bibliography, etc. note | Includes bibliographical references and index. |
| 546 ## - LANGUAGE NOTE | |
| Language note | Texte en français |
| 650 14 - SUBJECT ADDED ENTRY--TOPICAL TERM | |
| Topical term or geographic name entry element | Droit international public |
| Source of heading or term | qrmak |
| 650 14 - SUBJECT ADDED ENTRY--TOPICAL TERM | |
| Topical term or geographic name entry element | Droits de l’homme |
| 650 14 - SUBJECT ADDED ENTRY--TOPICAL TERM | |
| Topical term or geographic name entry element | Organisations internationales |
| 651 1# - SUBJECT ADDED ENTRY--GEOGRAPHIC NAME | |
| Source of heading or term | qrmak |
| 700 1# - ADDED ENTRY--PERSONAL NAME | |
| Personal name | Dupuy, Pierre-Marie |
| Relator term | Auteur |
| 856 40 - ELECTRONIC LOCATION AND ACCESS | |
| Uniform Resource Identifier | <a href="https://fll.law.cu.edu.eg/fulltext/bks/B11-05597.pdf">https://fll.law.cu.edu.eg/fulltext/bks/B11-05597.pdf</a> |
| 905 ## - Cataloger and Reviser Names | |
| Cataloger Name: | Rawan khaled |
| Revisor Name: | Hassnaa |
| 942 ## - ADDED ENTRY ELEMENTS (KOHA) | |
| Source of classification or shelving scheme | Dewey Decimal Classification |
| Suppress in OPAC | No |
| Koha item type | Books |
| Edition | 21 |
| Withdrawn status | Lost status | Source of classification or shelving scheme | Damaged status | Not for loan | Collection | Home library | Current library | Date acquired | Total checkouts | Full call number | Barcode | Date last seen | Copy number | Price effective from | Koha item type |
|---|---|---|---|---|---|---|---|---|---|---|---|---|---|---|---|
| Dewey Decimal Classification | القانون الدولي العام | جــــامعة القــاهرة | مكتبة كلية الحقوق - المبنى الرئيسي | 04.12.2025 | Law1 11 341.1 RO . D 11 ed - 1987 1105597 C2 | B11-05597 | 04.12.2025 | 2 | 04.12.2025 | Books | |||||
| Dewey Decimal Classification | Not for loan | القانون الدولي العام | جــــامعة القــاهرة | مكتبة كلية الحقوق - المبنى الرئيسي | 04.12.2025 | Law1 11 341.1 RO . D 11 ed - 1987 1105596 C1 | B11-05596 | 04.12.2025 | 1 | 04.12.2025 | Books |